Bagaikan puteri

Bibliographic Details
Main Author: Ramlee Awang Murshid
Format: Book
Published: Selangor : Alaf 21 , 2006
Subjects:

MARC

LEADER 00000cam a2200000 7i4500
001 0000011424
005 20071113.0
008 071113
020 |a 9831242149 
090 0 0 |a RAM   |b MAL 
100 0 |a Ramlee Awang Murshid 
245 1 0 |a Bagaikan puteri   |c Ramlee Awang Murshid 
260 |a Selangor :   |b Alaf 21 ,   |c 2006 
650 0 |a Malay fiction 
650 0 |a Novel 
999 |a 0001000630   |b Book   |c Adult Collection   |e Perbadanan Perpustakaan Awam Johor 
999 |a 0001000631   |b Book   |c Adult Collection   |e Perbadanan Perpustakaan Awam Johor 
999 |a 0001000632   |b Book   |c Adult Collection   |e Perbadanan Perpustakaan Awam Johor 
999 |a 0001000633   |b Book   |c Adult Collection   |e Perbadanan Perpustakaan Awam Johor 
999 |a 0001393332   |b Book   |c Adult Collection   |e Cawangan Urban Transformation Centre